000
00177 a2200097 4500
001
2515
100
_a
Ordway, F 1
245
_a
260
_a
_b
Rinehart
_c
090
_c
1812
_d
1812
942
_a
NUST-CAE
_c
_c
9025
999
_c
237588
_d
237588